| 000 | 00621cab a2200229 4500 | ||
|---|---|---|---|
| 001 | X1212 | ||
| 008 | 090401t1993 xxu||||| |||| 00| 0 eng d | ||
| 035 | _a(Sirsi) u15520 | ||
| 041 | _aeng | ||
| 100 | _aBrown, P. K. | ||
| 245 | 2 | _aA review of the rating system: problems,problems, problems | |
| 260 | _c1993 | ||
| 350 | _a0 | ||
| 490 |
_aThe Impugner (RICS Rating Diploma Holders` Section) _vNovember 1993 (14) |
||
| 650 | _aANTECEDENT VALUATION DATE | ||
| 650 | _aCONTRACTORS BASIS | ||
| 650 | _aRATING | ||
| 650 |
_aValuation _96273 |
||
| 690 | _aRATING AND VALUATION | ||
| 942 | _n0 | ||
| 948 | _c04/03/1997 | ||
| 999 |
_c10188 _d10188 |
||